<?xml version="1.0" encoding="UTF-8"?>
<record
    xmlns:xsi="http://www.w3.org/2001/XMLSchema-instance"
    xsi:schemaLocation="http://www.loc.gov/MARC21/slim http://www.loc.gov/standards/marcxml/schema/MARC21slim.xsd"
    xmlns="http://www.loc.gov/MARC21/slim">

  <leader>01985nam a2200265 i 4500</leader>
  <controlfield tag="001">Rebiun02802807</controlfield>
  <controlfield tag="005">20260407155745.0</controlfield>
  <controlfield tag="008">001219s2000    sp            001 0 spa c</controlfield>
  <datafield tag="020" ind1=" " ind2=" ">
    <subfield code="a">9788478469345</subfield>
  </datafield>
  <datafield tag="040" ind1=" " ind2=" ">
    <subfield code="a">SpMaUCCE</subfield>
    <subfield code="d">AR-MoUNM</subfield>
  </datafield>
  <datafield tag="082" ind1="0" ind2=" ">
    <subfield code="2">20</subfield>
    <subfield code="a">336</subfield>
    <subfield code="b">CARC 265</subfield>
  </datafield>
  <datafield tag="100" ind1="1" ind2=" ">
    <subfield code="a">C&#xE1;rceles de Gea, Beatriz</subfield>
    <subfield code="9">13750</subfield>
  </datafield>
  <datafield tag="245" ind1="1" ind2="0">
    <subfield code="a">Fraude y desobediencia fiscal en la Corona de Castilla en el siglo XVII :</subfield>
    <subfield code="b">1621-1700 / </subfield>
    <subfield code="c">Beatriz C&#xE1;rceles de Gea.</subfield>
  </datafield>
  <datafield tag="260" ind1=" " ind2=" ">
    <subfield code="a">Valladolid : </subfield>
    <subfield code="b">Junta de Castilla y Le&#xF3;n. Consejer&#xED;a de Educaci&#xF3;n y Cultura, </subfield>
    <subfield code="c">c2000.</subfield>
  </datafield>
  <datafield tag="300" ind1=" " ind2=" ">
    <subfield code="a">365 p. ;</subfield>
    <subfield code="c">25 cm.</subfield>
  </datafield>
  <datafield tag="490" ind1="0" ind2=" ">
    <subfield code="a">(Estudios de historia)</subfield>
  </datafield>
  <datafield tag="520" ind1="8" ind2=" ">
    <subfield code="a">El punto de partida del estudio es el an&#xE1;lisis del recurso de impuesto de los millones como una f&#xF3;rmula de la contribuci&#xF3;n universal que ofrece una saneada fuente de ingresos a la corona. Los &#xAB;Millones&#xBB; fueron durante los siglos XVI y XVII un impuesto indirecto sobre la alimentaci&#xF3;n impuesto por Felipe II,  aprobado por las Cortes de Castilla el 4 de abril de 1590. Se aplicaba sobre el consumo de las seis especias: vino, vinagre, aceite, carne, jab&#xF3;n y velas de cebo, se renovaba de seis en seis meses.
La autora no se interesa por el monto de los impuestos ni por su eficacia de cara a los apuros del monarca ni por los efectos sobre las distintas clases sociales ni sobre su impacto sobre la econom&#xED;a castellana. La autora trata de definir las consecuencias que pudo tener la propuesta hacend&#xED;stica de la corona sobre el contrato que fundamentaba la relaci&#xF3;n entre el rey y el reino , o dicho en otras palabras sobre la constituci&#xF3;n interna que regulaba los derechos y deberes respectivos de la Monarqu&#xED;a y sus vasallos.
</subfield>
  </datafield>
  <datafield tag="650" ind1=" " ind2="7">
    <subfield code="2">unescot</subfield>
    <subfield code="a">HACIENDA PUBLICA</subfield>
    <subfield code="9">1785</subfield>
  </datafield>
  <datafield tag="650" ind1=" " ind2="7">
    <subfield code="a">RECURSOS FINANCIEROS</subfield>
    <subfield code="2">unescot</subfield>
    <subfield code="9">274</subfield>
  </datafield>
  <datafield tag="650" ind1=" " ind2="7">
    <subfield code="2">unescot</subfield>
    <subfield code="a">DISTRIBUCION DEL INGRESO</subfield>
    <subfield code="9">109</subfield>
  </datafield>
  <datafield tag="650" ind1=" " ind2="7">
    <subfield code="2">unescot</subfield>
    <subfield code="a">CONFLICTO POLITICO</subfield>
    <subfield code="9">1672</subfield>
  </datafield>
  <datafield tag="650" ind1=" " ind2="7">
    <subfield code="2">unescot</subfield>
    <subfield code="a">CRISIS POLITICA</subfield>
    <subfield code="9">2333</subfield>
  </datafield>
  <datafield tag="651" ind1=" " ind2="7">
    <subfield code="a">ESPA&#xD1;A</subfield>
    <subfield code="2">unescot</subfield>
    <subfield code="9">2861</subfield>
  </datafield>
  <datafield tag="942" ind1=" " ind2=" ">
    <subfield code="c">LIBRO</subfield>
  </datafield>
  <datafield tag="999" ind1=" " ind2=" ">
    <subfield code="c">9595</subfield>
    <subfield code="d">9596</subfield>
  </datafield>
  <datafield tag="952" ind1=" " ind2=" ">
    <subfield code="0">0</subfield>
    <subfield code="1">0</subfield>
    <subfield code="4">0</subfield>
    <subfield code="7">0</subfield>
    <subfield code="a">UNM</subfield>
    <subfield code="b">UNM</subfield>
    <subfield code="d">2018-08-02</subfield>
    <subfield code="i">16528</subfield>
    <subfield code="l">3</subfield>
    <subfield code="m">2</subfield>
    <subfield code="o">336 CARC 265</subfield>
    <subfield code="p">16528</subfield>
    <subfield code="r">2024-06-03 00:00:00</subfield>
    <subfield code="s">2024-05-21</subfield>
    <subfield code="t">Ej. C</subfield>
    <subfield code="w">2018-08-02</subfield>
    <subfield code="y">LIBRO</subfield>
  </datafield>
</record>
